000 00698nam a2200289Ia 4500
005 20260324143922.0
008 008 260324s9999 xx 000 0 eng d
020 _a9781003554929
037 _aEBOOK
040 _aCRL
040 _beng
040 _cCRL
041 _2eng
041 _aeng
084 _qCRL
100 _aElena Lourie
_91217410
245 0 _aCrusade and Colonisation
245 0 _bMuslims, Christians and Jews Under the Crown of Aragon
260 _bTaylor and Francis
260 _c1990
365 _a
365 _b65.99
856 _uhttp://www.taylorfrancis.com/books/9781003554929
942 _cEBOOK
999 _c1823378
_d1823378